<?xml version="1.0" encoding="UTF-8"?>
<marc:record xmlns:marc="http://www.loc.gov/MARC21/slim" type="Bibliographic">
   <marc:leader>00000pam a2200000 c 4500</marc:leader>
   <marc:controlfield tag="001">96018001X</marc:controlfield>
   <marc:controlfield tag="003">DE-101</marc:controlfield>
   <marc:controlfield tag="005">20171203101006.0</marc:controlfield>
   <marc:controlfield tag="007">tu</marc:controlfield>
   <marc:controlfield tag="008">001113s2000    gw ||||| |||| 00||||ger  </marc:controlfield>
   <marc:datafield ind1=" " ind2=" " tag="015">
      <marc:subfield code="a">01,A05,1527</marc:subfield>
      <marc:subfield code="z">00,N50,0746</marc:subfield>
      <marc:subfield code="2">dnb</marc:subfield>
   </marc:datafield>
   <marc:datafield ind1="7" ind2=" " tag="016">
      <marc:subfield code="2">DE-101</marc:subfield>
      <marc:subfield code="a">96018001X</marc:subfield>
   </marc:datafield>
   <marc:datafield ind1=" " ind2=" " tag="020">
      <marc:subfield code="a">9783897270954</marc:subfield>
      <marc:subfield code="c">geh. : DM 10.00</marc:subfield>
      <marc:subfield code="9">978-3-89727-095-4</marc:subfield>
   </marc:datafield>
   <marc:datafield ind1=" " ind2=" " tag="020">
      <marc:subfield code="a">3897270951</marc:subfield>
      <marc:subfield code="c">geh. : DM 10.00</marc:subfield>
      <marc:subfield code="9">3-89727-095-1</marc:subfield>
   </marc:datafield>
   <marc:datafield ind1=" " ind2=" " tag="035">
      <marc:subfield code="a">(DE-599)DNB96018001X</marc:subfield>
   </marc:datafield>
   <marc:datafield ind1=" " ind2=" " tag="035">
      <marc:subfield code="a">(OCoLC)237404584</marc:subfield>
   </marc:datafield>
   <marc:datafield ind1=" " ind2=" " tag="040">
      <marc:subfield code="a">1240</marc:subfield>
      <marc:subfield code="b">ger</marc:subfield>
      <marc:subfield code="c">DE-101</marc:subfield>
      <marc:subfield code="d">9999</marc:subfield>
   </marc:datafield>
   <marc:datafield ind1=" " ind2=" " tag="041">
      <marc:subfield code="a">ger</marc:subfield>
   </marc:datafield>
   <marc:datafield ind1=" " ind2=" " tag="043">
      <marc:subfield code="c">XA-DE</marc:subfield>
   </marc:datafield>
   <marc:datafield ind1=" " ind2=" " tag="044">
      <marc:subfield code="c">XA-DE</marc:subfield>
   </marc:datafield>
   <marc:datafield ind1=" " ind2=" " tag="084">
      <marc:subfield code="a">48</marc:subfield>
      <marc:subfield code="a">16</marc:subfield>
      <marc:subfield code="a">780</marc:subfield>
      <marc:subfield code="q">DE-101</marc:subfield>
      <marc:subfield code="2">sdnb</marc:subfield>
   </marc:datafield>
   <marc:datafield ind1=" " ind2=" " tag="084">
      <marc:subfield code="a">14.4p</marc:subfield>
      <marc:subfield code="a">14.4</marc:subfield>
      <marc:subfield code="a">8.1</marc:subfield>
      <marc:subfield code="q">DE-101</marc:subfield>
      <marc:subfield code="2">sswd</marc:subfield>
   </marc:datafield>
   <marc:datafield ind1=" " ind2=" " tag="090">
      <marc:subfield code="a">b</marc:subfield>
   </marc:datafield>
   <marc:datafield ind1="0" ind2="0" tag="245">
      <marc:subfield code="a">Politisches Komponieren</marc:subfield>
      <marc:subfield code="b">ein Gespräch</marc:subfield>
      <marc:subfield code="c">Nicolaus A. Huber/Frank Sielecki</marc:subfield>
   </marc:datafield>
   <marc:datafield ind1=" " ind2="1" tag="264">
      <marc:subfield code="a">Saarbrücken</marc:subfield>
      <marc:subfield code="b">Pfau</marc:subfield>
      <marc:subfield code="c">2000</marc:subfield>
   </marc:datafield>
   <marc:datafield ind1=" " ind2=" " tag="300">
      <marc:subfield code="a">26 S.</marc:subfield>
      <marc:subfield code="c">20 cm</marc:subfield>
   </marc:datafield>
   <marc:datafield ind1=" " ind2=" " tag="336">
      <marc:subfield code="a">Text</marc:subfield>
      <marc:subfield code="b">txt</marc:subfield>
      <marc:subfield code="2">rdacontent</marc:subfield>
   </marc:datafield>
   <marc:datafield ind1=" " ind2=" " tag="337">
      <marc:subfield code="a">ohne Hilfsmittel zu benutzen</marc:subfield>
      <marc:subfield code="b">n</marc:subfield>
      <marc:subfield code="2">rdamedia</marc:subfield>
   </marc:datafield>
   <marc:datafield ind1=" " ind2=" " tag="338">
      <marc:subfield code="a">Band</marc:subfield>
      <marc:subfield code="b">nc</marc:subfield>
      <marc:subfield code="2">rdacarrier</marc:subfield>
   </marc:datafield>
   <marc:datafield ind1="1" ind2=" " tag="490">
      <marc:subfield code="a">Fragmen</marc:subfield>
      <marc:subfield code="v">H. 35</marc:subfield>
   </marc:datafield>
   <marc:datafield ind1="1" ind2="7" tag="600">
      <marc:subfield code="0">(DE-588)119124793</marc:subfield>
      <marc:subfield code="0">http://d-nb.info/gnd/119124793</marc:subfield>
      <marc:subfield code="0">(DE-101)119124793</marc:subfield>
      <marc:subfield code="a">Huber, Nicolaus A.</marc:subfield>
      <marc:subfield code="d">1939-</marc:subfield>
      <marc:subfield code="2">gnd</marc:subfield>
   </marc:datafield>
   <marc:datafield ind1=" " ind2="7" tag="650">
      <marc:subfield code="0">(DE-588)4133320-2</marc:subfield>
      <marc:subfield code="0">http://d-nb.info/gnd/4133320-2</marc:subfield>
      <marc:subfield code="0">(DE-101)041333209</marc:subfield>
      <marc:subfield code="a">Komposition</marc:subfield>
      <marc:subfield code="g">Musik</marc:subfield>
      <marc:subfield code="2">gnd</marc:subfield>
   </marc:datafield>
   <marc:datafield ind1=" " ind2="7" tag="650">
      <marc:subfield code="0">(DE-588)4046514-7</marc:subfield>
      <marc:subfield code="0">http://d-nb.info/gnd/4046514-7</marc:subfield>
      <marc:subfield code="0">(DE-101)040465144</marc:subfield>
      <marc:subfield code="a">Politik</marc:subfield>
      <marc:subfield code="2">gnd</marc:subfield>
   </marc:datafield>
   <marc:datafield ind1="0" ind2="0" tag="689">
      <marc:subfield code="0">(DE-588)119124793</marc:subfield>
      <marc:subfield code="0">http://d-nb.info/gnd/119124793</marc:subfield>
      <marc:subfield code="0">(DE-101)119124793</marc:subfield>
      <marc:subfield code="D">p</marc:subfield>
      <marc:subfield code="a">Huber, Nicolaus A.</marc:subfield>
      <marc:subfield code="d">1939-</marc:subfield>
   </marc:datafield>
   <marc:datafield ind1="0" ind2="1" tag="689">
      <marc:subfield code="0">(DE-588)4133320-2</marc:subfield>
      <marc:subfield code="0">http://d-nb.info/gnd/4133320-2</marc:subfield>
      <marc:subfield code="0">(DE-101)041333209</marc:subfield>
      <marc:subfield code="D">s</marc:subfield>
      <marc:subfield code="a">Komposition</marc:subfield>
      <marc:subfield code="g">Musik</marc:subfield>
   </marc:datafield>
   <marc:datafield ind1="0" ind2="2" tag="689">
      <marc:subfield code="0">(DE-588)4046514-7</marc:subfield>
      <marc:subfield code="0">http://d-nb.info/gnd/4046514-7</marc:subfield>
      <marc:subfield code="0">(DE-101)040465144</marc:subfield>
      <marc:subfield code="D">s</marc:subfield>
      <marc:subfield code="a">Politik</marc:subfield>
   </marc:datafield>
   <marc:datafield ind1="0" ind2=" " tag="689">
      <marc:subfield code="5">DE-101</marc:subfield>
      <marc:subfield code="5">DE-101</marc:subfield>
   </marc:datafield>
   <marc:datafield ind1="1" ind2=" " tag="700">
      <marc:subfield code="0">(DE-588)119124793</marc:subfield>
      <marc:subfield code="0">http://d-nb.info/gnd/119124793</marc:subfield>
      <marc:subfield code="0">(DE-101)119124793</marc:subfield>
      <marc:subfield code="a">Huber, Nicolaus A.</marc:subfield>
      <marc:subfield code="d">1939-</marc:subfield>
      <marc:subfield code="e">Mitwirkender</marc:subfield>
      <marc:subfield code="4">ctb</marc:subfield>
   </marc:datafield>
   <marc:datafield ind1="1" ind2=" " tag="700">
      <marc:subfield code="0">(DE-588)122484185</marc:subfield>
      <marc:subfield code="0">http://d-nb.info/gnd/122484185</marc:subfield>
      <marc:subfield code="0">(DE-101)122484185</marc:subfield>
      <marc:subfield code="a">Sielecki, Frank</marc:subfield>
      <marc:subfield code="d">1961-</marc:subfield>
      <marc:subfield code="e">Mitwirkender</marc:subfield>
      <marc:subfield code="4">ctb</marc:subfield>
   </marc:datafield>
   <marc:datafield ind1=" " ind2="0" tag="830">
      <marc:subfield code="a">Fragmen</marc:subfield>
      <marc:subfield code="v">H. 35</marc:subfield>
      <marc:subfield code="w">(DE-101)019301839</marc:subfield>
      <marc:subfield code="w">(DE-600)1436135-8</marc:subfield>
      <marc:subfield code="9">235</marc:subfield>
      <marc:subfield code="7">as</marc:subfield>
   </marc:datafield>
   <marc:datafield ind1=" " ind2=" " tag="850">
      <marc:subfield code="a">DE-101a</marc:subfield>
      <marc:subfield code="a">DE-101b</marc:subfield>
   </marc:datafield>
   <marc:datafield ind1="r" ind2=" " tag="925">
      <marc:subfield code="a">ra</marc:subfield>
   </marc:datafield>
</marc:record>
